00253nam a2200085Ia 450000100070000000500170000700800410002424500680006526000340013380107720250826171031.0250824s9999 xx 000 0 und d 0aSÜPER SELİM AYASOFYADA ESRARENGİZ KAYIPcSÜLEYMAN EZBER bUĞUR BÖCEĞİ YAYINLARI